000
00202 a2200097 4500
001
6989
100
_a
Dogar, T.M
245
_a
Short genral knowledge
260
_a
_b
Dogar Sons
_c
090
_c
5772
_d
5772
942
_a
NUST-CAE
_c
M
_c
32236
999
_c
242062
_d
242062